000 00476nam a2200193Ia 4500
005 20240823030113.0
008 240823s9999||||xx |||||||||||||| ||und||
020 _a81-88429-97-X
041 _aENGLISH
082 _A005.73 P8
100 _aRadha Ganesan P
245 0 _aData Structures using C
250 _a1st
260 _c2008
_b"Scitech Publications,Ch"
500 _aYES
650 _aData Structures using C
_bComputer Science
942 _cBK
999 _c187901
_d187901